000 00509nam a2200169Ia 4500
008 110201s9999 xx 000 0 und d
082 _bB6619
_aK 2173
100 _aकांबळे कमलाकर
245 _aवादळ
260 _bमानस सांस्कृतिक संस्था
365 _b150
600 _aकांबळे कमलाकर
630 _aवादळ
700 _aकांबळे कमलाकर
730 _aवादळ
942 _cBOOK
999 _c832222
_d832219